Il tormento della carne /

সংরক্ষণ করুন:
গ্রন্থ-পঞ্জীর বিবরন
প্রধান লেখক: Babina, Pietro (medico, sessuologo) (লেখক), Edwards, Raphael (লেখক)
বিন্যাস: গ্রন্থ
ভাষা:ইতালিয়
প্রকাশিত: Milano : Istituto di propaganda libraria, stampa 1940
ট্যাগগুলো: ট্যাগ যুক্ত করুন
কোনো ট্যাগ নেই, প্রথমজন হিসাবে ট্যাগ করুন!

MARC

LEADER 00000nam a22000007i 4500
001 IT\ICCU\CUB\0061713
003 ItRI
005 20260115232337.0
008 971014s1940 it |||||| ||||| |||||c
015 |2 IT  |a 1940 5628 
024 7 0 |a 46585  |2 cubi 
040 |b ita  |c importazione bologna sebina 
041 7 |a ita  |2 ISO-639-2 
100 1 |a Babina, Pietro  |c  (medico, sessuologo)  |0 IT\ICCU\RAVV\060960  |4 aut 
240 1 3 |a Il tormento della carne  |3 IT\ICCU\UBO\4723894  |9 Babina, Pietro <medico, sessuologo> 
245 1 3 |a Il tormento della carne /  |c Pietro Babina, Raffaele Edwards. 
260 |a Milano :  |b Istituto di propaganda libraria,  |c stampa 1940 
300 |a 73 p. ;  |c 19 cm 
700 1 |a Edwards, Raphael  |0 IT\ICCU\CUBV\058146  |4 aut 
942 |2 ddc  |c BK  |n 0 
952 |0 0  |1 0  |4 0  |6 DOC_241_660000000000000_BAB  |7 0  |9 24506  |a BO  |b BO  |d 2026-01-15  |i 917  |l 0  |o DOC 241.66 BAB  |p BO917  |r 2026-01-15 23:23:37  |w 2026-01-15  |x [Sebina 7] [1 v.]  |y BK  |z 1 v. 
999 |c 20856  |d 20856